header

Geopolitics and expertise : (Record no. 82934)

MARC details
000 -LEADER
fixed length control field 01847nam a2200421 i 4500
001 - CONTROL NUMBER
control field ebr10826698
003 - CONTROL NUMBER IDENTIFIER
control field CaPaEBR
006 - FIXED-LENGTH DATA ELEMENTS--ADDITIONAL MATERIAL CHARACTERISTICS--GENERAL INFORMATION
fixed length control field m o d
007 - PHYSICAL DESCRIPTION FIXED FIELD--GENERAL INFORMATION
fixed length control field cr cn|||||||||
008 - FIXED-LENGTH DATA ELEMENTS--GENERAL INFORMATION
fixed length control field 140128t20142014mau ob 001 0 eng d
020 ## - INTERNATIONAL STANDARD BOOK NUMBER
Cancelled/invalid ISBN 9781118291702
International Standard Book Number 9781118291740 (e-book)
040 ## - CATALOGING SOURCE
Original cataloging agency CaPaEBR
Language of cataloging eng
Description conventions rda
-- pn
Transcribing agency CaPaEBR
035 ## - SYSTEM CONTROL NUMBER
System control number (OCoLC)874147106
050 14 - LIBRARY OF CONGRESS CALL NUMBER
Classification number JZ1305
Item number .K887 2014eb
082 04 - DEWEY DECIMAL CLASSIFICATION NUMBER
Classification number 327.0904
Edition number 23
100 1# - MAIN ENTRY--PERSONAL NAME
Personal name Kuus, Merje.
245 10 - TITLE STATEMENT
Title Geopolitics and expertise :
Remainder of title knowledge and authority in european diplomacy /
Statement of responsibility, etc Merje Kuus.
250 ## - EDITION STATEMENT
Edition statement First edition.
264 #1 - PRODUCTION, PUBLICATION, DISTRIBUTION, MANUFACTURE, AND COPYRIGHT NOTICE
Place of production, publication, distribution, manufacture Malden, Massachusetts :
Name of producer, publisher, distributor, manufacturer John Wiley & Sons, Ltd,
Date of production, publication, distribution, manufacture, or copyright notice 2014.
Date of production, publication, distribution, manufacture, or copyright notice �2014
300 ## - PHYSICAL DESCRIPTION
Extent 1 online resource (240 pages).
336 ## - CONTENT TYPE
Content type term text
Source rdacontent
337 ## - MEDIA TYPE
Media type term computer
Source rdamedia
338 ## - CARRIER TYPE
Carrier type term online resource
Source rdacarrier
490 0# - SERIES STATEMENT
Series statement RGS-IBG book series
504 ## - BIBLIOGRAPHY, ETC. NOTE
Bibliography, etc Includes bibliographical references and index.
588 ## - SOURCE OF DESCRIPTION NOTE
Source of description note Description based on online resource; title from PDF title page (ebrary, viewed January 27, 2014).
590 ## - LOCAL NOTE (RLIN)
Local note Electronic reproduction. Palo Alto, Calif. : ebrary, 2015. Available via World Wide Web. Access may be limited to ebrary affiliated libraries.
650 #0 - SUBJECT ADDED ENTRY--TOPICAL TERM
Topical term or geographic name as entry element Diplomacy
General subdivision History
Chronological subdivision 20th century.
Topical term or geographic name as entry element Diplomacy
General subdivision History
Chronological subdivision 21st century.
Topical term or geographic name as entry element Geopolitics
Chronological subdivision 20th century.
Topical term or geographic name as entry element Geopolitics
Chronological subdivision 21st century.
655 #0 - INDEX TERM--GENRE/FORM
Genre/form data or focus term Electronic books.
776 08 - ADDITIONAL PHYSICAL FORM ENTRY
Display text Print version:
Main entry heading Kuus, Merje.
Title Geopolitics and expertise : knowledge and authority in european diplomacy.
Edition First edition.
Place, publisher, and date of publication Malden, Massachusetts : John Wiley & Sons, Ltd, c2014
Physical description x, 228 pages
Series data for related item RGS-IBG book series.
International Standard Book Number 9781118291702
797 2# - LOCAL ADDED ENTRY--CORPORATE NAME (RLIN)
Corporate name or jurisdiction name as entry element ebrary.
856 40 - ELECTRONIC LOCATION AND ACCESS
Uniform Resource Identifier <a href="http://site.ebrary.com/lib/rucke/Doc?id=10826698">http://site.ebrary.com/lib/rucke/Doc?id=10826698</a>
Public note An electronic book accessible through the World Wide Web; click to view

No items available.

© 2026 Rongo University
Contact us: librarian | system librarian | Rongo university